| 000 | 00672nam a2200193 a 4500 | ||
|---|---|---|---|
| 005 | 20240925065438.0 | ||
| 008 | 991125s1968 fr 000 0 fre u | ||
| 035 | _aUPN01000011590 | ||
| 049 | _aF | ||
| 050 | 4 |
_aLC191 _bA5.3 |
|
| 100 | 1 |
_aAnderson, Charles Arnold, _d1907-1990 _930844 |
|
| 245 | 1 | 3 |
_aLe contexte social de la planification de l'éducation / _cC. A. Anderson. |
| 260 |
_aParís : _bUNESCO, Institut International de Planification de l'Education, _c1968. |
||
| 300 | _a41 p. | ||
| 440 | 0 |
_aPrincipes de la planification de l'éducation ; _v5 |
|
| 650 | 4 |
_aEducación _xPlanificación _91146 |
|
| 650 | 4 |
_aSociología de la educación _94896 |
|
| 905 | _aLibro | ||
| 999 |
_c11590 _d11590 |
||